| 000 | 014550000a22003370004500 | ||
|---|---|---|---|
| 003 | EG-GICUC | ||
| 005 | 20250223025011.0 | ||
| 008 | 070916s2007 ua d f m 000 0 eng d | ||
| 040 |
_aEG-GICUC _beng _cEG-GICUC |
||
| 041 | 0 | _aEng | |
| 049 | _aDeposite | ||
| 097 | _aM.Sc | ||
| 099 | _aCai01.20.03.M.Sc.2007.Fa.C | ||
| 100 | 0 | _aFatma Mohamed Elshehri | |
| 245 | 1 | 0 |
_aCorba vs.jini technologies for distributed systems / _cFatma Mohamed Elshehri ; Supervised Reem Bahgat , Samhaa Elbeltagy |
| 246 | 1 | 5 | _aتكنولوجيا كوربا فى مواجهة تكنولوجيا جينى للنظم الموزعة |
| 260 |
_aCairo : _bFatma Mohamed Elshehri , _c2007 |
||
| 300 |
_a89Leaves : _bcharts ; _c30cm |
||
| 502 | _aThesis (M.Sc.) - Cairo University - Faculty Of Computers and Information - Department Of Computer Science | ||
| 520 | _aThis thesis provides jini and CORBA included conducting two different experiments to be implemented with both middleware.The aim of this comparison is investigating the behavior of each middleware and finding out classes of applications that may perform better under each one of them | ||
| 530 | _aIssued also as CD | ||
| 653 | 4 | _aCORBA | |
| 653 | 4 | _aJini | |
| 653 | 4 | _aMiddleware | |
| 700 | 0 |
_aReem Bahgat , _eSupervisor |
|
| 700 | 0 |
_aSamhaa Elbeltagy , _eSupervisor |
|
| 856 | _uhttp://172.23.153.220/th.pdf | ||
| 905 |
_aMustafa _eRevisor |
||
| 905 |
_aNazla _eCataloger |
||
| 942 |
_2ddc _cTH |
||
| 999 |
_c3521 _d3521 |
||